Ninguna guerra en mi nombre: feminismo y estudios culturales en latinoamérica /
Đã lưu trong:
| Tác giả chính: | |
|---|---|
| Tác giả khác: | , , , |
| Định dạng: | Texto |
| Các nhãn: |
Thêm thẻ
Không có thẻ, Là người đầu tiên thẻ bản ghi này!
|
MARC
| LEADER | 00000 a a2200000 04500 | ||
|---|---|---|---|
| 001 | 46687 | ||
| 003 | |||
| 040 | |||
| 100 | |a Garzón Martínez, María Teresa | ||
| 245 | |a Ninguna guerra en mi nombre: |b feminismo y estudios culturales en latinoamérica / |c María Teresa Garzón Martínez, Mónica Cejas, Merarit Viera, Luisa Fernanda Hernández Herse, Linda Daniela Villegas Mercado | ||
| 700 | |a Cejas, Mónica | ||
| 700 | |a Viera, Merarit | ||
| 700 | |a Hernández Herse, Fernanda | ||
| 700 | |a Villegas Mercado, Linda Daniela | ||
| 773 | |g número40 ( , 2014), páginas 159-173 | ||
| 999 | |c 36284 |d 36284 | ||
